000 00212 a2200097 4500
001 29130
100 _aHunter W.W
245 _aThe Indian Mussalmans
260 _a
_bPremier Book House
_c
090 _c19459
_d19459
942 _aNUST-CAE
_cM
_c10512
999 _c264203
_d264203